Marketing Channels/ (Record no. 189239)
[ view plain ]
| 000 -LEADER | |
|---|---|
| fixed length control field | 00801nam a22002417a 4500 |
| 010 ## - LCCN (DPL NO) | |
| LC control number | B-745500 |
| 020 ## - INTERNATIONAL STANDARD BOOK NUMBER | |
| International Standard Book Number | 9878131717431 |
| Terms of availability | 749.00 |
| 035 ## - SYSTEM CONTROL NUMBER | |
| System control number | B-745500 |
| 037 ## - SOURCE OF ACQUISITION | |
| Source of stock number/acquisition | Person Education,Inc |
| 100 ## - MAIN ENTRY--PERSONAL NAME | |
| Personal name | Coughlan, Anne T. |
| 245 ## - TITLE STATEMENT | |
| Title | Marketing Channels/ |
| Statement of responsibility, etc | Anne T. Coughlan...[et al.] |
| 250 ## - EDITION STATEMENT | |
| Edition statement | 7th |
| 260 ## - PUBLICATION, DISTRIBUTION, ETC. (IMPRINT) | |
| Place of publication, distribution, etc | New Delhi |
| Name of publisher, distributor, etc | Dorling Kindersley(INDIA) Pvt Ltd |
| Date of publication, distribution, etc | 2011 |
| 270 ## - ADDRESS | |
| Address | 11 Community Center, Panchsheel Park |
| City | New Delhi |
| Postal code | 110017 |
| 300 ## - PHYSICAL DESCRIPTION | |
| Extent | xx, 541p. |
| Other physical details | ill |
| Dimensions | 24cm(pbk) |
| 500 ## - GENERAL NOTE | |
| General note | Company Index, Subject Index |
| 700 ## - ADDED ENTRY--PERSONAL NAME | |
| Personal name | Andreson, Erin |
| 700 ## - ADDED ENTRY--PERSONAL NAME | |
| Personal name | W.Stern,Louis |
| 700 ## - ADDED ENTRY--PERSONAL NAME | |
| Personal name | El-Ansary, Adel I. |
| 700 ## - ADDED ENTRY--PERSONAL NAME | |
| Personal name | Natarajn, R.C. |
| 942 ## - ADDED ENTRY ELEMENTS (KOHA) | |
| Source of classification or shelving scheme | Dewey Decimal Classification |
| Item type | English Books |
| Call number prefix | COU |
| Classification part | 658.87 |
| Withdrawn status | Lost status | Not for loan | Collection code | Home library | Current library | Date acquired | Source of acquisition | Cost, normal purchase price | Full call number | Barcode | Copy number | Cost, replacement price | Koha item type | Public note |
|---|---|---|---|---|---|---|---|---|---|---|---|---|---|---|
| Non-fiction | Kadipur | Kadipur | 12/09/2022 | 05.09.22/ Gift | 795.00 | 658.87 COU | B-745500 | 1 | 795.00 | English Books | Gift |
